000 01416cam a2200385 a 4500
999 _c23936
_d23936
001 vtls010630011
005 20250926101326.0
008 230626s2014 xo ioacg e 000 0 slo
020 _a9788081281167 (viaz.)
035 _aF9E7BDFC-C75C-447C-96EC-9E1FCF50ED63
035 _aurn:nbn:sk:snk-amjow3
035 _aurn:nbn:sk:snk-am002gr4
040 _aPOKPOH
_bslo
_cPOKPOH
_dSNK
_eAACR2
041 0 _aslo
044 _axo
_cSK
072 7 _a908(437)
_xVlastiveda Česka a Slovenska
_2konspekt
072 7 _a94(437)
_xDejiny Česka a Slovenska
_2konspekt
080 _a908(437.6)
_22001
080 _a94(437.6)
_22001
080 _a(031)
_22001
100 1 _aMachala, Drahoslav,
_d1947-2015
_4pht
_4aut
_94867
245 1 0 _aSlovenská vlastiveda
_nII
_pTrenčianska župa
_cDrahoslav Machala ; [fotografie: Drahoslav Machala, Laco Pákozdy ... [et al.]]
246 3 0 _aTrenčianska župa
260 _aMartin
_bMatica slovenská
_c2014
300 _a374 s.
_berby, fotogr., ilustr., portr.
_c31 cm
651 7 _aTrenčianska župa (Slovensko)
_2SNKPH
_94868
651 7 _aSlovensko
_xdejiny
_2SNKPH
_91981
651 7 _aSlovensko
_xvlastiveda
_2SNKPH
_94869
651 7 _aSlovakia
_xhistory
_2SNKPHeng
_92322
651 7 _aSlovakia
_xhistory and geography
_2SNKPHeng
_94870
655 7 _aencyklopédie
_2SNKPH
_91494
655 7 _aEncyclopedias
_2SNKPHeng
_91495
700 1 _aPákozdy, Laco
_4pht
_94871
958 _aNB